Ordenacion y valoracion de montes / (Record no. 160916)

MARC details
000 -LEADER
campo de control de longitud fija 01155nam a22002415i 4500
001 - NÚMERO DE CONTROL
campo de control 160916
003 - IDENTIFICADOR DE NÚMERO DE CONTROL
campo de control ES-MaACL
005 - FECHA Y HORA DE LA ÚLTIMA TRANSACCIÓN
campo de control 20250716063318.0
008 - DATOS DE LONGITUD FIJA--INFORMACIÓN GENERAL
campo de control de longitud fija 991117s1883 sp |||| | spa d
040 ## - FUENTE DE CATALOGACIÓN
Centro catalogador/agencia de origen CCPB | B
Lengua de catalogación spa
Centro/agencia transcriptor CCPB | B
100 1# - ENTRADA PRINCIPAL--NOMBRE DE PERSONA
Nombre de persona Olazábal, Lucas de,
Fechas asociadas al nombre 1829-1899
9 (RLIN) 130605
245 10 - MENCIÓN DEL TÍTULO
Título Ordenacion y valoracion de montes /
Mención de responsabilidad, etc. por Lucas de Olazabal.
260 ## - PUBLICACIÓN, DISTRIBUCIÓN, ETC.
Lugar de publicación, distribución, etc. Madrid :
Nombre del editor, distribuidor, etc. [s.n.],
Fecha de publicación, distribución, etc. 1883 (
Fabricante Imprenta de Moreno y Rojas)
300 ## - DESCRIPCIÓN FÍSICA
Extensión 517, [2] p. :
Otras características físicas gráf. ;
Dimensiones 26 cm.
530 ## - NOTA DISPONIBLE DE FORMULARIO FÍSICO ADICIONAL
Nota de formato físico adicional disponible Disponble también en sitio web.
599 ## - NOTA A LAS ILUSTRACIONES
NOTA A LAS ILUSTRACIONES La h. de grab. lit.: "J. Mendez A. de O. Públicas gº." "Lit. de Bravo"
650 #4 - PUNTO DE ACCESO ADICIONAL DE MATERIA--TÉRMINO DE MATERIA
Término de materia o nombre geográfico como elemento de entrada Ordenación de montes.
9 (RLIN) 143535
650 #4 - PUNTO DE ACCESO ADICIONAL DE MATERIA--TÉRMINO DE MATERIA
Término de materia o nombre geográfico como elemento de entrada Bosques-
Subdivisión general Valoración.
9 (RLIN) 151957
852 ## - LOCALIZACIÓN
Ubicación ES-MaACL
Número de control de estantería G-9534(12)
Nota libre -- Enc. hol.
condición física -- Falto de la cub. original
Nota libre .- Enc. en un vol. facticio, formando parte de la col. facticia: "Revista de montes. Varios sobre montes, 1880-83, II"
852 ## - LOCALIZACIÓN
Ubicación ES-MaACL
Número de control de estantería G-10818
Nota libre -- Enc. pasta española
856 ## - LOCALIZACIÓN Y ACCESO ELECTRÓNICOS
Identificador Uniforme de Recursos <a href="http://bibliotecadigitalhispanica.bne.es:80/webclient/DeliveryManager?pid=1839724&custom_att_2=simple_viewer">http://bibliotecadigitalhispanica.bne.es:80/webclient/DeliveryManager?pid=1839724&custom_att_2=simple_viewer</a>
Nota pública Ir a la página
Holdings
Estatus retirado Estado de pérdida Estado de daño No para préstamo Colección Biblioteca de origen Biblioteca actual Ubicación en estantería Fecha de adquisición Fuente de adquisición Total de préstamos Signatura topográfica completa Código de barras Visto por última vez Precio de reemplazo Tipo de ítem Koha
        Colección digital Biblioteca del Ateneo de Madrid Biblioteca del Ateneo de Madrid Sala Pecera Planta 3 17/01/2008     G-10818 1168522 23/02/2023 23/02/2023 Libro impreso antiguo
        Colección digital Biblioteca del Ateneo de Madrid Biblioteca del Ateneo de Madrid Sala Pecera Planta 3 17/01/2008     G-9534(12) 1168521 23/02/2023 23/02/2023 Libro impreso antiguo